Регионална библиотека "Любен Каравелов" - Русе

Момчето и магическите числа (Запис номер 173431)

MARC детайли
000 -Лидер
Контролно поле с фиксирана дължина 01560nam a2200397 c 4500
003 - Код на организацията, давaща контролен номер
Контролно поле BLK
005 - Дата и час на последна редакция
Контролно поле 20250722172518.0
008 - Елементи от данни с фиксирана дължина
fixed length control field 180411b bul|||||r ||||||| ||bul||
010 ## - Наследен системен номер
LC control number KNG00181830000
020 ## - Международен стандартен номер на книга ISBN
Международен стандартен номер на книга ISBN 978-619-199-038-2
040 ## - Източник на каталожния запис
Идентификатор на билиотеката - собственик на записа BLK
041 ## - Код за език
Код за езика на текст/звукозапис или на отделно заглавие Български
Код за езика КДБФ Български
072 #7 - Код за тематичната категория
Код организация bullib
Код за тематична категория Н85
Текст Детска художествена литература Н
080 ## - УДК
Текстов определител УДК Английска литература
УДК код - определител по УДК 821.111
УДК определител -93-32
УДК - код + определител 821.111-93-32
139 ## - Редно поле
Редна дума Гарднър, Сали
Авторски знак Гар - Г 23
245 10 - Сведения за заглавието
Заглавие Момчето и магическите числа
Редно поле (дума) текст и ил. Сали Гарднър; прев. Екатерина Христева Митренцева.
257 ## - Страна на издаване
Страна на създаване/издаване Великобритания
260 ## - Област на издателските данни
Име на издателя, разпространителя и проч. Фют
Година на издаване 2015
300 ## - Физическа характеристика
Страници 103 с.
Илюстрации и др. с ил.
Размери/Мащаб 20 см
380 ## - Жанр
Жанр Детска худож. лит.
490 ## - СЕРИИ (Колекции)
Име на серия Наоколо се случват чудеса
9 (RLIN) 208012
500 ## - Общи забележки
Забележка Ориг. загл. The Boy with the Magic Number / Sally Gardner. - Съдържа и за авт.
653 ## - Ключова дума – ненормативна
Ключова дума приказни повести
653 ## - Ключова дума – ненормативна
Ключова дума литература за деца
653 ## - Ключова дума – ненормативна
Ключова дума детска литература
659 ## - Тематичен бюлетин
Тематичен бюлетин Н
700 1# - Други автори (авторска отговорност)
Лично име Гарднър, Сали
Автороска отговорност (Описва отношението между автора и произведението) текст и ил.
9 (RLIN) 383020
700 ## - Други автори (авторска отговорност)
Лично име Митренцева, Екатерина Христева
9 (RLIN) 270859
852 ## - Местоположение
Форматна сигнатура Цб 276808
856 4# - Електронен адрес и достъп
Електронен формат pdf - файл
856 4# - Електронен адрес и достъп
Електронен формат pdf - файл
999 ## - СИСТЕМНИ КОНТРОЛНИ НОМЕРА
Koha biblionumber 173431
Koha biblioitemnumber 173431
942 ## - АРТИКУЛИ
Вид на библиотечния материал Книги
Скрит в OPAC Не
Koha issues (borrowed), all copies 16
Периодичен библиозапис Да
944 ## - СЪЗДАВАНЕ И РЕДАКЦИЯ на ЗАПИСА
Създаване/Редакция Създаване
Дата на регистрацията/редакция 15.09.2015
Статус, дата на статуса Русанова Ирена
Служител, извършил регистрацията/редакцията 30542
944 ## - СЪЗДАВАНЕ И РЕДАКЦИЯ на ЗАПИСА
Създаване/Редакция Редакция
Дата на регистрацията/редакция 30.12.2015
Статус, дата на статуса ф /
Служител, извършил регистрацията/редакцията Людмила_Стоянова
999 ## - СИСТЕМНИ КОНТРОЛНИ НОМЕРА
Koha biblioitemnumber 173431
Наличности
Код за отписване Код за изгубен артикул Източник на класификационната схема Код за повреда Коз за рестрикции Код за отдаване Артикулен № Име на библиотеката - собственик Име на библиотеката, в която се намира в момента Статус (Текущо местоположение) Дата на вписване в системата Местоположение - отдел Цена в лева Инвентарен номер Систематично азбучна сигнатура Баркод Номер на екземпляра Цена в евро Служебна бележка Служебен тип на артикула
  Не е изгубен Universal Decimal Classification Не е повреден без рестрикции заемане за дома 296459 Регионална библиотека "Любен Каравелов" Русе Регионална библиотека "Любен Каравелов" Русе Детски отдел 2015-09-16 Детски отдел 5.99 120000792569 ДХ 820/899/Г 23 120000792569 1 3.06 Дост: Pk Вид: Ф N: 440 Дата: 14.09.2015 Дата инв: 26.10.2015 Бележки инв: Д2015 Книги
  Не е изгубен   Не е повреден без рестрикции ползва се в читалня 296460 Регионална библиотека "Любен Каравелов" Русе Регионална библиотека "Любен Каравелов" Русе Хранилище 2015-10-22 Хранилище 5.99 120000793844 Цб 276808 120000793844 2 3.06 Дост: Dp Вид: Д N: 37 Дата: 28.08.2015 Книги
  Не е изгубен Universal Decimal Classification Не е повреден без рестрикции заемане за дома 816237 Регионална библиотека "Любен Каравелов" Русе Регионална библиотека "Любен Каравелов" Русе Детски отдел 2021-03-15 Детски отдел 5.99   821-93/Г 23 120000853501   3.06   Книги
Vip Innovations Ltd, Rousse, Bulgaria 2025